RIBA outline plan of work 2007 (Record no. 79015)
[ view plain ]
| 000 -LEADER | |
|---|---|
| fixed length control field | 00870cab a22002055a 4500 |
| 001 - CONTROL NUMBER | |
| control field | L138851 |
| 008 - FIXED-LENGTH DATA ELEMENTS--GENERAL INFORMATION | |
| fixed length control field | 070717s2007 xxk 000 0 eng d |
| 035 ## - SYSTEM CONTROL NUMBER | |
| System control number | (Sirsi) u138851 |
| 041 0# - LANGUAGE CODE | |
| Language code of text/sound track or separate title | eng |
| 110 2# - MAIN ENTRY--CORPORATE NAME | |
| Corporate name or jurisdiction name as entry element | Royal Institute of British Architects |
| 9 (RLIN) | 2527 |
| 245 00 - TITLE STATEMENT | |
| Title | RIBA outline plan of work 2007 |
| 260 ## - PUBLICATION, DISTRIBUTION, ETC. | |
| Date of publication, distribution, etc. | 2007 |
| 490 #0 - SERIES STATEMENT | |
| Series statement | RIBA Journal |
| Volume/sequential designation | 114(7) July 2007, 70-74(3) |
| 520 ## - SUMMARY, ETC. | |
| Summary, etc. | Reproduces RIBA's outline plan of work, which organises the process of managing and designing building projects, and administering building contracts into a number of key work stages. Diagrams illustrate different sequences for completion of work stages for various procurement methods. |
| 590 ## - LOCAL NOTE (RLIN) | |
| Local note | KA |
| 650 24 - SUBJECT ADDED ENTRY--TOPICAL TERM | |
| Topical term or geographic name entry element | RIBA OUTLINE PLAN OF WORK (2007 EDITION) |
| 651 #4 - SUBJECT ADDED ENTRY--GEOGRAPHIC NAME | |
| Geographic name | United Kingdom |
| Chronological subdivision | |
| 690 ## - LOCAL SUBJECT ADDED ENTRY--TOPICAL TERM (OCLC, RLIN) | |
| Topical term or geographic name as entry element | BUILT ENVIRONMENT-CONSTRUCTION DESIGN-ARCHITECTURAL DESIGN |
| 942 ## - ADDED ENTRY ELEMENTS (KOHA) | |
| Suppress in OPAC | 0 |
| Withdrawn status | Lost status | Source of classification or shelving scheme | Damaged status | Not for loan | Home library | Current library | Shelving location | Date acquired | Total Checkouts | Full call number | Barcode | Date last seen | Copy number | Price effective from | Koha item type |
|---|---|---|---|---|---|---|---|---|---|---|---|---|---|---|---|
| Dewey Decimal Classification | London | London | Journal article | 17/07/2007 | L138851 | 138851-1001 | 06/08/2019 | 1 | 06/08/2019 | Journal article |